Η αειφορική διαχείριση νησιωτικών περιοχών με πολιτισμικό και οικολογικό ενδιαφέρον : η περίπτωση της ευρύτερης περιοχής της αρχαίας Κυμισάλας στη Ρόδο : μεταπτυχιακή διπλωματική εργασία
Saved in:
| Main Author: | |
|---|---|
| Corporate Author: | |
| Other Authors: | |
| Format: | Thesis Book |
| Language: | Greek |
| Published: |
2009
|
| Subjects: | |
| Online Access: | http://hdl.handle.net/11610/15696 |
| Tags: |
Add Tag
No Tags, Be the first to tag this record!
|
MARC
| LEADER | 00000cam a2200000 i 4500 | ||
|---|---|---|---|
| 001 | 1/3751 | ||
| 008 | 100127s2009 gre d | ||
| 035 | |l 10106487 | ||
| 040 | |a GR-MY-UA |b gre |e aacr | ||
| 041 | 0 | |a gre | |
| 082 | 0 | |a 333.917 |2 (22) | |
| 100 | 1 | |a Βεργωτή, Θωμαΐς. | |
| 245 | 1 | 2 | |a Η αειφορική διαχείριση νησιωτικών περιοχών με πολιτισμικό και οικολογικό ενδιαφέρον : |b η περίπτωση της ευρύτερης περιοχής της αρχαίας Κυμισάλας στη Ρόδο : μεταπτυχιακή διπλωματική εργασία / |c Βεργωτή Θωμαΐς ; επιβλέπουσα: Φώκιαλη Περσεφόνη |
| 260 | |c 2009 | ||
| 300 | |a 157 σ.; |b πιν.; |c 30 εκ. | ||
| 500 | |a Μέλη εξεταστικής επιτροπής: Στεφανάκης Μανόλης, Αραβέλλα Ζαχαρίου | ||
| 502 | |a Διατριβή (μεταπτυχιακή) – Πανεπιστήμιο Αιγαίου, Ρόδος, 2009. | ||
| 504 | |a Βιβλιογραφία: σ. 137-151 | ||
| 650 | 0 | 0 | |a Environmental education |x Case studies. |
| 650 | 0 | 0 | |a Coastal zone management |z Greece |z Rhodes (Island) |
| 650 | 0 | |a Coastal ecology |z Greece |z Rhodes (Island) | |
| 650 | 0 | 0 | |a Ecotourism |x Management. |
| 650 | 0 | 0 | |a Dissertations, Academic |z Greece. |
| 700 | 1 | |a Φώκιαλη, Περσεφόνη. |4 ths | |
| 710 | 2 | |a Πανεπιστήμιο Αιγαίου |b Σχολή Ανθρωπιστικών Επιστημών |b Τμήμα Επιστημών της Προσχολικής Αγωγής και του Εκπαιδευτικού Σχεδιασμού |b Πρόγραμμα Μεταπτυχιακών Σπουδών Περιβαλλοντική Εκπαίδευση. | |
| 852 | |a INST |b RHODES |c DIATR |e 20100128 |h 333.917 ΒΕΡ |p 005400032351 |q 005400032351 |t MTXE |y 23 | ||
| 852 | |a INST |b RHODES |c DIATR |e 20100128 |h 333.917 ΒΕΡ |p 005400032352 |q 005400032352 |t MTXE |y 23 | ||
| 856 | |u http://hdl.handle.net/11610/15696 | ||
| 901 | |a BIBL4-2010-1 | ||
| 909 | |a Ρ |b 159602 | ||
| 909 | |a Ρ |b 159603 | ||
| 924 | |a ΒΕΡΓΩΤΗ |b ΘΩΜΑΪΣ |y ΡΟΔΟΣ |z 2009-09 | ||
| 970 | |a ΚΟΖΑ |b ΜΑΡΙΑ |z 2010/01/27 | ||